Prognózovanie prostredníctvom modelov ARIMA

Teoretické východiska prognózovania a správna metodológia pri vytváraní prognostického modelu. Príspevok bližšie rozoberá modely na základe Box – Jenkinsovej metodológie. Popis všeobecného tvaru modelu ARIMA ako aj jeho teoretické východiska. Cieľom príspevku je vytvorenie metodologického základu, k...

ver descrição completa

Na minha lista:
Detalhes bibliográficos
Autor principal: Horvát, Peter
Outros Autores: König, Brian, 1983-, Ostrihoň, Filip
Formato: Capítulo de Livro
Idioma:eslovaco
Assuntos:
Tags: Adicionar Tag
Sem tags, seja o primeiro a adicionar uma tag!

MARC

LEADER 00000nla a2200000 4500
001 0174601
005 20240502072957.8
041 0 |a slo 
044 |a SK 
245 1 0 |a Prognózovanie prostredníctvom modelov ARIMA  |c Peter Horvát, Brian König, Filip Ostrihoň 
520 |a Teoretické východiska prognózovania a správna metodológia pri vytváraní prognostického modelu. Príspevok bližšie rozoberá modely na základe Box – Jenkinsovej metodológie. Popis všeobecného tvaru modelu ARIMA ako aj jeho teoretické východiska. Cieľom príspevku je vytvorenie metodologického základu, ktorý ma slúžiť pre neskorší proces vytvárania prognostického modelu, na základe Box – Jenkinsovej metodológie. 
610 2 0 |a modely prognostické 
610 2 0 |a metodológia 
100 1 |a Horvát, Peter 
700 1 |a König, Brian, 1983- 
700 1 |a Ostrihoň, Filip